Trendy s viacerými formami štúdia

Rozhovor s prorektorom pre vzdelávanie na Žilinskej univerzite s Ivom Čápom, CSc. Uplatnenie študentov ŽU v praxi. Iné formy vzdelávania na ŽU.

Salvato in:
Dettagli Bibliografici
Autore principale: Dragulová-Faktorová, Danuša
Altri autori: Čáp, Ivo
Natura: Capitolo di libro
Lingua:slovacco
Soggetti:
Tags: Aggiungi Tag
Nessun Tag, puoi essere il primo ad aggiungerne!!

MARC

LEADER 00000naa a2200000 4500
001 r040956
005 20230720101030.7
041 0 |a slo 
044 |a SK 
245 1 0 |a Trendy s viacerými formami štúdia  |c Danuša Dragulová-Faktorová, Ivo Čáp 
520 |a Rozhovor s prorektorom pre vzdelávanie na Žilinskej univerzite s Ivom Čápom, CSc. Uplatnenie študentov ŽU v praxi. Iné formy vzdelávania na ŽU. 
610 2 0 |a vzdelávanie 
610 2 0 |a univerzity 
610 2 0 |a Žilinská univerzita Žilina 
610 2 0 |a vzdelávanie ďalšie 
610 2 0 |a študenti 
610 2 0 |a prax odborná 
100 1 |a Dragulová-Faktorová, Danuša 
700 1 |a Čáp, Ivo